| 000 | 00507nam a22001697a 4500 | ||
|---|---|---|---|
| 005 | 20250131194948.0 | ||
| 008 | 250131b |||||||| |||| 00| 0 eng d | ||
| 020 | _a8123909977 | ||
| 050 | _aRC78 CHE | ||
| 100 | _aChesney, D. Noreen | ||
| 245 |
_aRadiographic Imaging _cD. Noreen Chesney & Muriel O. Chesney |
||
| 250 | _a4th ed. | ||
| 260 |
_aDarya Ganj, New Delhi _bCBS Publishers & Distributors _c2004 |
||
| 300 |
_axiv. 530p. _bill. _c21cm |
||
| 700 | _aChesney, Muriel O. | ||
| 942 |
_2lcc _cBK _e4th ed. _n0 |
||
| 999 |
_c3328 _d3328 |
||